zgadnij moba z minecraft po jego opisie - Statystyki

Ogólne statystyki
  • Ten quiz został rozwiązany 43 razy
  • Średni wynik to 12 z 15
Statystyki odpowiedzi
podpowiedź odpowiedź % Poprawnych
Spokojny dopóki nie spojrzysz mu w oczy Enderman
100%
Ogromne stworzenie w Netherze latające nad lawą i strzela ognistymi kulami Ghast
91%
Uzbrojony w łuk nie wychodzi na słońce bo może się spalić Szkielet
88%
Występuje w Netherowej twierdzy potrafi latać i pluje ognistymi kulami Blaze
85%
Małe, urocze zwierzę spotykane w dżungli, które lubi siadać na czyimś ramieniu Papuga
85%
Ten mob powstał przez błąd gry Creeper
82%
Kiedy przez kilka dni nie śpisz pojawia się w nocy Phantom
82%
Jest to dość małe stworzenie kryje się w ciemnościach i wspina się po ścianach Pająk
76%
Mała żółta kostka pod fioletową skorupą, która strzela pociskami powodujacymi lewitację Shulker
76%
Półryba-półludzka czasem z trójzębem występująca w wodzie Utopiec
74%
Żyje w wodzie i potrafi strzelać laserem Guardian
68%
Przyjazny mieszkaniec wiosek, który handluje z graczem Villager
68%
Niebieska istota, która podąża za graczami i podnosi leżące przedmioty Allay
65%
Ogromna istota z fioletowymi oczami, która jest jednym z bossów gry Smok Endu
65%
Netherowa wersja slime Magma Cube
62%
Nie znaleziono quizów pasujących do podanych kryteriów
Rozkład punktacji
Procent ludzi z każdym wynikiem
Percentyl według liczby udzielonych odpowiedzi
Twoja historia wyników
Nie rozwiązałeś tego quizu